Normal view
MARC view
- Return migration
Entry Topical Term
001 - CONTROL NUMBER
- control field: 10637
003 - CONTROL NUMBER IDENTIFIER
- control field: NUST
005 - DATE AND TIME OF LATEST TRANSACTION
- control field: 20180530060556.0
008 - FIXED-LENGTH DATA ELEMENTS
- fixed length control field: 180530|| aca||aabn | a|a d
040 ## - CATALOGING SOURCE
- Original cataloging agency: NUST
- Transcribing agency: NUST
150 ## - HEADING--TOPICAL TERM
- Topical term or geographic name entry element: Return migration
- Geographic subdivision: Taiwan.
670 ## - SOURCE DATA FOUND
- Source citation: Work cat.: (NUST)0: Return migration in the Asia Pacific /, c2003.
